CeCe Peniston Discography - Statistics

General Stats
  • This quiz has been taken 8 times
  • The average score is 4 of 12
Answer Stats
Type Year Name % Correct
Remix Album 1992 Finally / We Got a Love Thang: Remix Collection
88%
Album 1992 Finally
75%
Compilation 1998 The Best Of
38%
Compilation 2001 20th Century Masters - The Millennium Collection: The Best of CeCe Peniston
25%
Compilation 1999 Essential
25%
Album 1996 I'm Movin' On
25%
Remix Album 1994 Remix Collection
25%
Album 1994 Thought 'Ya Knew
25%
EP 2008 CeCe Pinston
13%
Collaborative Live Video Album 2010 Divas of Disco
13%
Group Album 1995 Good News in Hard Times
13%
Collaborative Compilation 2000 Winning Combinations
13%
No matching quizzes found
Score Distribution
Percent of People with Each Score
Percentile by Number Answered
Your Score History
You have not taken this quiz